000 00523nam a2200181Ia 4500
003 GCL
008 140319s9999 xx 000 0 ara d
040 _aGCL /
_cGCL
082 0 4 _a070.1
_bب ت
100 1 _aمحمد اسماعيل محمد
245 1 0 _aتاريخ الصحافة /
_cمحمد اسماعيل محمد
700 1 _aبوافان، اميل
300 _a176 ص
490 _aالالف كتاب
_v0
650 0 4 _aالصحافة - تاريخ
650 0 4 _aالصحف والمجلات
942 _2ddc
_cBK
999 _c45449
_d45449